• 首页
  • 本馆介绍
  • 公告通知
  • 最新文献
  • 馆藏检索
  • 电子资源
  • 读者导购
  • 参考咨询
  • 我的图书馆
  • 登录
  • 详细信息显示
  • 放入我的书架
  • 预约/预借图书
  • 作者相关作品
  • 分类相关作品
  • 丛书相关作品
  • 出版社相关作品

书目信息

  • 表格格式
  • 工作单格式
  • 卡片格式
题名:
栽植的理论和技术
    
 
作者: 新田伸三 著 ;赵力正 译
分册:  
出版信息: 北京   中国建筑工业出版社  1982
页数: 245页
开本: 21cm
丛书名:
单 册:
中图分类: S73
科图分类:
主题词: 绿化--技术
电子资源:
ISBN:
000 00721nam0 2200265 45
001 0182010180
005 20040521102810.5
010    @dCNY1.30
091    @a15040.4170
100    @a19950530d1982 em y0chiy0121 ea
101 1  @achi@cjpn
102    @aCN@b110000
105    @ay z 000yy
106    @ar
200 10 @a栽植的理论和技术@Azai zhi de li lun he ji shu@f(日)新田伸三著@g赵力正译
210    @a北京@c中国建筑工业出版社@d1982
215    @a245页@d21cm
300    @a环境绿地 1
606    @a绿化@x技术
690    @aS73@v3
701  0 @a新田伸三@Axin tian shen san@4著
702  0 @a赵力正@Azhao li zheng@4译
801  0 @aCN@b上海图书馆@c20040521
801  2 @aCN@bNLC@c20040521
905    @f1@b126118@dS73@e2
    
    栽植的理论和技术/(日)新田伸三著/赵力正译.-北京:中国建筑工业出版社,1982
    245页;21cm
    环境绿地 1
    
    ISBN :CNY1.30
    
●
相关链接 在E读中查询图书 在五车中查询图书 在当当中查询图书 在豆瓣中查询图书


正题名:栽植的理论和技术     索取号:S73/2         预约/预借

序号 登录号 条形码 馆藏地/架位号 状态 备注
1 0126118   000717683   密集书库/ [索取号:S73/2] 在馆    
2 0126119   202446530   第二样本阅览室/ [索取号:S73/2] 在馆    
唐山师范学院图书馆 欢迎您!
大连网信软件有限公司© 版权所有